OECD environmental outlook to 2050 <the> consequences of inaction

Na minha lista:
Detalhes bibliográficos
Formato: Livro
Idioma:inglês
Publicado em: Paris OECD 2012
Assuntos:
Tags: Adicionar Tag
Sem tags, seja o primeiro a adicionar uma tag!

MARC

LEADER 00000nam$a2200000$$$4500
001 0167426
005 20240315121024.6
020 |a 978-92-64-12216-1 
022 |a 1818-7102 
041 0 |a eng 
044 |a FR 
245 1 0 |a OECD environmental outlook to 2050  |b <the> consequences of inaction 
264 1 |a Paris  |b OECD  |c 2012 
300 |a 349 s. 
610 2 0 |a prostredie životné 
610 2 0 |a rozvoj hospodársky 
610 2 0 |a zmeny klimatické 
610 2 0 |a diverzita biologická 
610 2 0 |a voda 
610 2 0 |a vodohospodárstvo 
610 2 0 |a znečistenie prostredia životného 
610 2 0 |a znečistenie ovzdušia 
610 2 0 |a znečistenie vôd 
610 2 0 |a ochrana zdravia 
610 2 0 |a ochrana prostredia životného 
610 2 0 |a politika environmentálna